ALAVARIATÓRIO DE NÚMERO 2 - Statistics

Estatísticas Gerais
  • Esse quiz foi jogado 32 vezes
  • A pontuação média é 8 de 14
Estatísticas das Respostas
boa sorte Resposta % Correto
O que é demanda? É o________do consumidor/por unidade de tempo; preço e quantidade do bem variam em sentidos opostos (efeito renda e efeito substituição) desejo
100%
A curva de possibilidades da produção mostra a capacidade máxima de produção de uma economia simplificada. Seu deslocamento para a _________ significa aumento da capacidade de produção devido à maior disponibilidade de fatores de produção ou ao maior desenvolvimento tecnológico direita
88%
O que é oferta? É o desejo do produtor em ofertar dada quantidade de um bem ou serviço a dado preço em determinado ___________; período
75%
Diferencie os sistemas econômicos capitalista e comunista.
1. No capitalismo a propriedade é1)_________; no comunismo a propriedade é estatal;
2. Capitalismo: eficiente na alocação dos fatores produtivos. Comunismo “eficiente” na 2)_______;
3. No capitalismo: o sistema de preço funciona. No comunismo, o sistema de preço não funciona. Os preços são meros recursos contábeis.
privada distribuição
75%
O que produzir? A sociedade deve produzir mais___________ ou bens de capital? Quanto? bens de consumo
63%
6) “Qualquer um que tenha lido um romance de Alexander Soljenítsin sabe que o ideal igualitário do comunismo produziu tiranias cruéis que tentaram controlar todos os aspectos da vida social” (HARARI, Y.N. Uma breve história da humanidade, 2018, p. 225). Explique as características econômicas do sistema econômico ao qual a citação se refere. 1. A citação está se referindo ao __________ que gerou um sistema econômico centralmente planejado; comunismo
63%
“Qualquer um que tenha lido um romance de Charles Dickens sabe que os regimes xxxxxxx da Europa do século XIX davam prioridade à liberdade individual, mesmo que isto significasse jogar famílias insolventes na prisão e dar aos órfãos pouca escolha além de se juntar a grupos de batedores de carteiras” (HARARI, Y. N. Uma breve história da humanidade, 2018, p. 225).
A citação faz referência aos regimes________
liberais
63%
Explique o que é bem de Giffen. É uma exceção à Lei Geral da Demanda, preço e quantidade variam no1)______sentido, seu gráfico é representado pela reta de demanda 2)________ inclinada. Como exemplo, houve a queda no preço da batata em uma população pobre que só consumia batatas, o que levou a um aumento do poder aquisitivo da população, e permitiu o consumo de outros bens; dessa forma, o preço da batata caiu e a quantidade também. mesmo positivamente
63%
A escassez e a decisão são representadas pela curva de possibilidades de produção, que evidencia o sacrifício (custo de oportunidade) de se transferir recursos produtivos de uma atividade para a outra: OBS. O custo de oportunidade é________ (recursos transferidos não terão a mesma eficiência na outra atividade) e implícito (não envolve desembolso monetário). crescente
38%
1) Quais são os fundamentos da teoria da demanda. Discorra brevemente sobre eles.
Valor utilidade:
1. Valor do bem se forma na 1)________: utilidade e satisfação;
2. Subjetividade;
3. Soberania do consumidor.
Utilidade total: aumenta conforme o 2)______ da quantidade consumida;
Utilidade marginal: satisfação adicional (na margem) obtida pelo consumo de mais uma unidade do bem: é decrescente
demanda aumento
38%
3. Questões fundamentais:
1. O que produzir? O que o mercado 1)_________;
2. Como produzir? Com a máxima 2)____________ possível para maximizar o lucro;
3. Para quem produzir? Para quem tem 3)_________
determinar eficiência renda
38%
A economia é a ciência que estuda a escassez, isto é, a forma como a sociedade administra o uso dos recursos escassos na produção de bens alternativos._______________ e os recursos são escassos: contradição que leva aos problemas fundamentais: o que, como e para quem produzir? Necessidades infinitas
25%
. Um sistema econômico é formado pelo______________, pelo complexo de unidades de produção e pelo conjunto de instituições da sociedade estoque de recursos produtivos
13%
Economia é uma ciência social que estuda como o indivíduo e a sociedade decidem utilizar os_______________ recursos produtivos escassos
13%
Nenhum quiz correspondente encontrado
Distribuição das Pontuações
Porcentagem de Pessoas com Cada Pontuação
Percentil de Números Respondidos
Sua Pontuação Histórica
Você não jogou esse quiz